| 000 | 00381nam a22001337a 4500 | ||
|---|---|---|---|
| 020 | _a9780802824301 | ||
| 082 | _a225.6 EPP | ||
| 100 | _aEpp, Eldon Jay | ||
| 245 | _aStudies in the Theory and Method of New Testament Textual Criticsm | ||
| 260 |
_aMichigan _bWilliam B. Eerdmans Publicshing Company _c1993 |
||
| 300 | _a414 | ||
| 650 | _aBible New Testament-Chricism | ||
| 942 | _cBK | ||
| 999 |
_c19694 _d19694 |
||